[Event "Pinamar Masters 1st"]
[Site "Pinamar"]
[Date "2001.03.15"]
[Round "8"]
[White "Garcia Palermo, Carlos H"]
[Black "Giardelli, Sergio Carlos"]
[Result "1-0"]
[WhiteElo "2470"]
[BlackElo "2438"]
[Annotator "Stohl,I"]
[PlyCount "109"]
[EventDate "2001.03.08"]
[EventType "tourn"]
[EventRounds "11"]
[EventCountry "ARG"]
[EventCategory "8"]
[SourceTitle "CBM 082"]
[Source "ChessBase"]
[SourceDate "2001.05.17"]
[SourceVersion "1"]
[SourceVersionDate "2001.05.17"]
[SourceQuality "1"]

1. d4 Nf6 2. c4 c5 3. d5 b5 4. Nd2 g6 ({The continuation with the best
reputation is} 4... bxc4 5. e4 c3 $1 6. bxc3 g6 7. Ngf3 (7. Nc4 d6 8. Bd3 Bg7
9. Nf3 O-O 10. O-O Nbd7 11. Bd2 Nb6 12. Na5 $2 c4 13. Bc2 Qc7 14. Re1 Nbxd5 15.
Nxc4 Nxc3 16. Bxc3 Qxc4 17. Bb2 Bb7 $17 {Kramnik,V-Leko,P/Dortmund/1998/}) 7...
Bg7 8. Bd3 O-O 9. O-O d6 10. Rb1 Nbd7 11. Qc2 Nb6 12. Re1 Bd7 13. Bb5 e6 (13...
Rb8 $142 $11) 14. c4 Bxb5 15. Rxb5 exd5 16. cxd5 Re8 17. a4 c4 18. a5 $2 (18.
Bb2 $1 {[%cal Yb2d4,Yb2c3] /\Bd4,Bc3+/=}) 18... Nbxd5 $1 19. Nxc4 Rc8 20. Ba3 (
20. Bd2 $142 $13) 20... Nf4 $36 {Prakash,G-Ehlvest,J/Dhaka/2001/}) 5. e4 d6 6.
b4 $5 $146 {[%mdl 8] A radical new approach, White tries to make the << his
scene of action and take on b5 without allowing the typical Volga pressure on
the semi-open a+b <->.} ({Delayed acceptance of the gambit with the passively
placed Nd2 is not too popular:} 6. cxb5 a6 7. b3 (7. a4 Bg7 8. b6 Qxb6 9. Nc4
Qc7 10. a5 O-O 11. Bd3 Bd7 12. Ne2 Bb5 13. Nc3 Nbd7 14. f4 e6 15. O-O exd5 16.
exd5 Rfe8 17. f5 Rab8 18. Ra2 Bxc4 19. Bxc4 Rb4 20. b3 Ne5 $36 {Hubert,
R-Stocek,J/Pardubice op/2000/}) 7... Bg7 8. Bb2 O-O 9. bxa6 Bxa6 10. Bxa6 Nxa6
11. Ngf3 Nb4 12. O-O Rxa2 13. Rxa2 Nxa2 14. Qe2 Nb4 15. Ra1 Qd7 16. Ra4 Qb7 {
Ksieski,Z-Thalwitzer,D/Leutersdorf/2000/} 17. Bc3 $11) ({The most usual
alternative is} 6. b3 Bg7 7. Bb2 O-O (7... bxc4 8. Nxc4 O-O 9. Bd3 Nbd7 10. Nf3
Nb6 11. Nfd2 e6 12. dxe6 fxe6 13. e5 Ne8 14. h4 (14. exd6 $2 Bxb2 15. Nxb2 Qf6
$17) 14... Nd5 15. Be4 Nf4 16. g3 $6 (16. exd6 $142 $1) 16... d5 17. gxf4 dxe4
18. Nxe4 Bb7 19. Qxd8 Rxd8 $17 {Korpics,Z-Szabo,J/HUN-chT2 9394/1994/}) {
To avoid the above trick White can play} 8. Qc2 $142 $5 (8. Ngf3 Qa5 $5 (8...
b4 9. Be2 e5 10. dxe6 fxe6 (10... Bxe6 $142) 11. e5 dxe5 12. Nxe5 a5 13. O-O
Ra6 14. Qc2 Nbd7 15. Bf3 Nxe5 16. Bxe5 Nd7 17. Bxg7 Kxg7 18. Rad1 Qe7 19. Rfe1
Rf4 20. g3 Rf8 21. Bg2 $36 {Korpics,Z-Kopjonkin,G/Zalakaros/1993/}) (8... e6 9.
dxe6 Bxe6 10. cxb5 a6 11. bxa6 Qa5 12. Bd3 Nxa6 13. O-O Qc7 14. Nc4 Nb4 15. e5
dxe5 16. Bxe5 Qd8 17. Be2 Qxd1 18. Rfxd1 Ne4 19. Bxg7 Kxg7 20. a3 Nc3 21. Rd2
Nxe2+ 22. Rxe2 Bxc4 23. bxc4 Ra5 24. Ne1 Rfa8 25. Re3 Nc6 $44 {Ornstein,
A-Sjodahl,P/Norrkoeping/1988/}) 9. Bd3 bxc4 10. bxc4 Nxe4 $1 11. Bxg7 Nxd2 12.
Bxf8 Nxf3+ 13. Kf1 Nd2+ 14. Ke2 Nxc4 15. Bxc4 (15. Bxe7 Ba6 $40) 15... Kxf8 16.
Qd2 Qxd2+ 17. Kxd2 Nd7 18. Bb5 Nb6 19. Bc6 Rb8 20. Rhb1 Bb7 $15 {Schlager,
T-Mensch,E/Baden/1997/}) 8... b4 9. Be2 Bb7 10. f4 Bh6 $2 11. g3 e5 12. fxe5
dxe5 13. Bxe5 Re8 14. Bf4 Bxf4 15. gxf4 Ng4 16. Bxg4 Qh4+ 17. Kf1 Qxg4 18. Ne2
Qh3+ 19. Kf2 Qh4+ 20. Kf3 Nd7 21. Ng3 Nf6 22. h3 Nh5 23. Nxh5 Qxh5+ 24. Kg3 g5
25. Nf3 $16 {Grigore,G-Vaidya,A/Odorheiu Secuiesc/1992/}) 6... cxb4 (6... bxc4
$5 7. bxc5 (7. Bxc4 cxb4 8. Qa4+ Nbd7 9. Qxb4 Bg7 $36) 7... c3 (7... dxc5 8.
Bxc4 $14 {[%csl Gd5,Ge4] [+]}) (7... Bg7 8. Bb2 dxc5 9. Nxc4 O-O 10. Bd3 $14)
8. Nc4 (8. Nb1 Qa5 9. Qc2 Nxe4 10. Qxe4 c2+ 11. Nd2 Qc3 12. Bb5+ Nd7 13. Ne2
Qxa1 14. cxd6 $44) 8... Nxe4 9. Qd4 Nf6 10. cxd6 exd6 11. Qxc3 Bb7 $13) 7. cxb5
Bg7 8. Bb2 O-O 9. Ngf3 a6 10. a4 bxa3 $2 {Now Black gets into a strong pin on
the a-file, which results in White getting a o^ on a6.} (10... e6 $142 11. dxe6
Bxe6 $132) 11. Rxa3 Nbd7 12. Qa1 (12. bxa6 $5 Nc5 13. a7 $16) 12... Bh6 (12...
a5 13. Bc3 $16) 13. Be2 (13. bxa6 Nc5 14. Be2 {leads to the same position.} (
14. Bxf6 exf6 15. a7 f5 $44)) 13... Nc5 14. O-O $1 Nfxe4 15. Nxe4 Nxe4 16. bxa6
$16 {[%csl Ga6][%cal Ga1h8] Although White will never manage to queen the Pa6,
it nevertheless requires Black's full attention and allows White to
concentrate his forces on other parts of the board.} e6 17. dxe6 {The simplest,
Black's central P can't get too far.} (17. Nd4 exd5 18. Qa2 Be6 19. Bb5 $36)
17... fxe6 18. Qd1 Qb6 19. Qd4 $1 Qxd4 20. Nxd4 Bg7 (20... Nc5 21. a7 Rf7 22.
Nb5 Ba6 23. Rfa1 Bxb5 24. Bxb5 $16) 21. Ba1 $5 {[%cal Yd4b5,Yd4c6] Moves the B
to a protected square to enable Bc6 or Nb5.} (21. a7 $143 Rf7 22. Bf3 (22. Rfa1
Rb7) 22... Bb7 $132) 21... Nc5 (21... Rf7 $142 22. Nc2 $5 {/\Nb4+/-}) 22. a7
Rf7 23. Nb5 Bf8 (23... Bxa1 24. Rfxa1 Rd7 25. Rc1 $1 Bb7 26. Nxd6 Rxd6 27. Rxc5
$18) (23... Ba6 24. Bxg7 Kxg7 25. Rfa1 Rfxa7 (25... Raxa7 26. Nxd6 $1 Rfd7 27.
Nc8 $18) (25... Bxb5 26. Bxb5 $16) 26. Bf3 $5 Rd7 27. Bxa8 Bxb5 $16) 24. Bd4
Bb7 (24... Ba6 25. Rfa1 $16 (25. Bxc5 $2 Bxb5 26. Bxb5 dxc5 27. Rfa1 c4 $11))
25. Rc1 {[%cal Rb5d6] /\Nd6} Bd5 26. h4 $1 {[%mdl 32] Black has contained the
a-pawn, so White turns his attention elsewhere. Instructive play on bothe
flanks.} Rb7 (26... Nb3 27. Rxb3 Bxb3 28. Nc7 Bg7 29. Be3 $18) (26... e5 27.
Bxc5 (27. Be3 $16) 27... dxc5 28. Nc3 $1 (28. Bc4 $2 Bxc4 29. Rxc4 Rb7 30. Ra5
Be7 $11 {/\Bd8}) 28... Be6 (28... c4 29. Ra5 Be6 30. Rxe5 $18) 29. Rca1 c4 30.
Ra6 Bb4 31. Ne4 $18) (26... h5 {[%csl Rg6] ><g6}) 27. h5 (27. Rcc3 $142 $16)
27... Be7 (27... Nb3 28. Rxb3 $1 (28. Rd1 Nxd4 29. Rxd4 Bc6 30. Nxd6 Rbxa7 $11)
28... Bxb3 29. Rc7 Bd5 $8 (29... Rxc7 30. Nxc7 Bd5 31. Nxd5 exd5 32. Bf3 $18)
30. Rxb7 Bxb7 31. Nc7 Rd8 (31... Rc8 32. Ba6 $1 Bxa6 33. Nxa6 {[%cal Ra6c7] /
\Nc7+-}) 32. Bf3 d5 33. hxg6 hxg6 34. Nxe6 $44) 28. hxg6 hxg6 29. Rg3 Kf7 30.
Rh3 (30. Rcc3 Rxb5 $5 31. Bxb5 Rxa7 32. Rh3 $16) 30... e5 (30... Nb3 31. Rxb3
$1 (31. Rh7+ $2 Kg8 32. Rh8+ Kf7 33. Rxa8 Nxc1 34. Bc4 $1 (34. Rf8+ $2 Bxf8 35.
a8=Q Nxe2+ 36. Kh2 Kg8 $1 $19) 34... Bxc4 35. Nc3 Ne2+ 36. Nxe2 Bxe2 37. Rb8
Rxa7 38. Bxa7 $14) 31... Bxb3 32. Rc7 Rxc7 (32... Bd5 $4 33. Nxd6+ $18) 33.
Nxc7 Bd5 34. Bf3 Bxf3 35. gxf3 $16 {/+-}) 31. Nxd6+ $5 {Although now White
lose his pride, he has managed to create other targets.} Bxd6 32. Bxc5 Bxc5 33.
Rxc5 Ke6 (33... Rb1+ 34. Kh2 Ke6 35. Ra5 $18) 34. Rd3 Ba2 (34... Be4 35. Re3
Kd6 36. Ra5 $18) 35. Rc6+ (35. Rg3 $142 Kf6 36. Rc6+ $40) 35... Kf7 (35... Ke7
36. Re3 $5 Rbxa7 (36... Bf7 37. Rxe5+ Kf8 38. Bd3 $18) 37. Rxe5+ Kf7 38. Bd3
$18) 36. Rf3+ Kg7 37. Bd3 Bf7 38. Rg3 Raxa7 39. Bxg6 Bxg6 40. Rgxg6+ Kf8 41.
Rg5 Re7 42. Rf6+ Ke8 43. Rf3 {/\Re3+-} Ra1+ 44. Kh2 Re1 (44... Kd7 45. Re3 Kd6
46. Kg3 $18) 45. Kg3 Kd7 46. Ra3 (46. Re3 $5 Rxe3+ 47. fxe3 Ke6 48. Kf3 Kd5 49.
g4 $16) 46... Ke6 47. Ra6+ Kf7 48. Rf5+ (48. Rh5 $142 $1 Kg7 (48... Kg8 49.
Ra8+ Kg7 50. Rah8 $40) 49. Rah6 $16 {/+-}) 48... Kg8 49. Rg5+ $6 {The
R-exchange is premature, White should have kept his more active R on the board.
} Rg7 (49... Kf7 50. Rh5 {-48.Rh5}) 50. Rxg7+ Kxg7 51. Ra3 {[%cal Ra3e3] /\Re3}
Kf6 $2 (51... Rb1 $14 {and White still has to show a winning plan.}) 52. Rf3+
$1 Ke6 (52... Kg6 53. Re3 $18) 53. Kg4 Rg1 (53... e4 54. Re3 Rg1 55. Rxe4+ Kd5
56. Kf3 Rxg2 57. Kxg2 Kxe4 58. Kg3 Kf5 59. Kf3 $18) 54. g3 Rf1 55. Kg5 {
[%csl Gg3][%cal Yg3g4,Yg5h6,Yg4g5] o^g,/\g4,Kh6,g5 etc.} 1-0

[Event "St Petersburg-Moscow"]
[Site "St Petersburg"]
[Date "2003.05.03"]
[Round "1"]
[White "Grachev, Boris V"]
[Black "Martynov, Pavel"]
[Result "1-0"]
[WhiteElo "2483"]
[BlackElo "2438"]
[Annotator "Stohl,I"]
[PlyCount "117"]
[EventDate "2003.05.03"]
[EventType "team"]
[EventRounds "2"]
[EventCountry "RUS"]
[SourceTitle "CBM 095"]
[Source "ChessBase"]
[SourceDate "2003.07.25"]
[SourceVersion "1"]
[SourceVersionDate "2003.07.25"]
[SourceQuality "1"]

1. d4 Nf6 2. c4 c5 3. d5 b5 4. Nd2 Qa5 ({The best antidote against White's
4-th move is} 4... bxc4 $142 5. e4 c3 $5 $132) 5. Qc2 (5. e4 $5 {/\} Nxe4 6. b4
$1 Qxb4 7. Rb1 Qc3 8. Rxb5 $32 {|^}) 5... bxc4 6. e4 Ba6 {This leads to a
strategically inferior position.} (6... e6 $142 $5 7. Bxc4 exd5 8. exd5 d6 9.
Ne2 Be7 10. O-O O-O 11. b3 Bb7 12. Nc3 Nbd7 13. Bb2 Rfe8 14. Rfe1 Bf8 15. Nde4
a6 16. h3 Nh5 17. Re3 Ne5 18. Rae1 Bc8 19. Qd1 Nf4 20. Ne2 Nfg6 21. N2c3 Bd7
22. Bf1 Be7 23. g3 f5 24. f4 Nf7 25. Nd2 Bf6 $11 {Sosonko,G-Adams,M/Ter Apel/
1992/}) 7. Bxc4 Bxc4 8. Qxc4 d6 9. b3 $5 $146 {[%mdl 8] An interesting novelty,
we'll see the point of White's idea a few moves later.} ({Earlier White also
had good results with the logical and straightforward} 9. Ngf3 Qa6 (9... g6 10.
O-O Bg7 11. Qc2 O-O (11... Nbd7 $142 {-9...Nbd7}) 12. Nc4 Qc7 13. Bd2 Nbd7 14.
Bc3 Rfe8 15. Rad1 Nb6 16. Nfd2 e6 17. e5 $1 dxe5 18. Bxe5 Qd8 19. d6 Nfd5 20.
Bxg7 Kxg7 21. Ne4 Nxc4 22. Qxc4 $16 {Korotylev,A-Gurevich,D/Geneva/2001/}) (
9... Nbd7 10. O-O g6 11. b3 (11. Qc2 Bg7 12. Nc4 Qa6 13. e5 dxe5 14. Nfxe5 Nxe5
15. Nxe5 Nxd5 16. Qxc5 Rd8 17. Rd1 Bxe5 18. Rxd5 O-O 19. h4 Rxd5 20. Qxd5 Qe2
21. Bh6 Qxb2 22. Re1 Bg7 $11 {1/2,Popov,V-Meshkov,Y/Smolensk/1997/}) 11... Bg7
12. Bb2 O-O 13. Qc2 Nb6 14. h3 (14. Bc3 {1/2,Abolianin,A-Claesen,P/Antwerp/
2000/} Qa6 $132) 14... Rab8 15. Rab1 Nfd7 16. Bxg7 Kxg7 17. Rfe1 Rb7 18. Nf1
Kg8 19. Ne3 Rfb8 20. Nd2 Qb5 21. f4 Nf6 22. Rf1 Qb4 23. Qd3 Nfd7 24. Kh1 Rc7
25. Rbc1 Rbc8 26. Ndc4 Nxc4 27. Nxc4 Nb6 28. e5 $36 {Thinius,M-Heinemann,T/BL
9293/1993/}) 10. Qc2 Nbd7 11. b3 g6 12. Bb2 Bg7 13. Nc4 O-O 14. O-O Nb6 15.
Nfd2 Nfd7 16. Bxg7 Kxg7 17. Rfe1 Nxc4 18. Nxc4 f6 {Svetushkin,D-Nanu,C/
Bucharest/2002/} 19. f4 $5 $14 {[%csl Gd5,Ge4,Gf4] [+]}) 9... g6 10. Bb2 Bg7
11. Bc3 $1 (11. Ngf3 Nbd7 $14 {/=}) (11. f4 {is similar to the game, as the
tactical} Nxe4 12. b4 $1 Nxd2 13. Kxd2 Bxb2 14. bxa5 Bxa1 15. Nf3 $32 {|^
probably isn't good enough. However in principle it's sound to exclude random
tactics.}) 11... Qa6 12. f4 $1 {[%csl Gd5,Ge4,Gf4][%mdl 32] White develops his
N to f3 only after he increases his [+] influence-a common strategic theme
also in other lines of the Volga declined.} O-O 13. Ngf3 $14 {()} Qxc4 {
Black is consistent, but the _|_ will be unpleasant. Even a slight error can
leave him suffering without <=>.} (13... Nfd7 14. Bxg7 Kxg7 15. O-O Nb6 16.
Qc3+ Kg8 17. f5 $40) 14. bxc4 Nbd7 15. O-O Nh5 (15... e6 $142 16. dxe6 $14 {
-15...e5!?}) (15... e5 $5 16. dxe6 (16. fxe5 Ng4 $13) 16... fxe6 17. Rab1 (17.
Ng5 Nh5 $1 18. Bxg7 Nxg7 $11) 17... Nb6 $14) 16. Bxg7 Kxg7 17. g3 Rab8 18. Rab1
(18. e5 Rb2 $132) 18... Nhf6 (18... Rxb1 19. Rxb1 Rb8 20. Rxb8 Nxb8 21. e5 $16
{[%csl Rh5] _|_()פh5}) (18... Rb4 $5 19. e5 (19. a3 Rb6 $1 20. e5 Rfb8 $14)
19... Rfb8 20. Rb3 $5 $36) 19. Rb3 $1 (19. e5 dxe5 20. fxe5 Ng4 $132) 19... Rb6
(19... e6 20. e5 dxe5 21. fxe5 Ng4 22. Re1 $16) (19... e5 20. dxe6 Rxb3 (20...
fxe6 21. Rd3 $16) 21. Nxb3 $1 fxe6 22. Ng5 Re8 23. e5 $1 dxe5 24. fxe5 Nxe5 25.
Nxc5 $16) 20. e5 $16 {[%csl Gc4,Gd5,Ge5,Gf4] [+]} dxe5 21. fxe5 Ng4 22. Re1
Rfb8 23. h3 Nh6 {/\Nf5} 24. g4 $1 {[%csl Rh6]} Ra6 (24... e6 25. Kf2 $16 (25.
Rd3 $5 $40)) 25. Rxb8 Nxb8 26. Rb1 Rb6 27. Rb5 $1 Nd7 (27... Rxb5 28. cxb5 Nd7
29. Nc4 Ng8 (29... Nb6 30. Nxb6 axb6 31. Nd2 $1 $18) (29... f6 30. e6 Nf8 31.
Na5 $18) 30. a4 Kf8 31. a5 $18 {[%csl Rd7,Rg8] and the _|_ is hopeless for
Black, as both his N are out off play.}) 28. Ra5 Rb7 (28... a6 29. Nb3 $18) 29.
Nb3 Rc7 30. Kf2 (30. e6 $16 {/+- was also possible, but White has no need to
hurry.}) 30... g5 31. Ke3 Kg6 32. Ra6+ (32. d6 $142 $1 exd6 33. exd6 Rc6 34.
Rxa7 $18 {/\} Rxd6 35. Rxd7 $1 Rxd7 36. Ne5+) 32... Nb6 (32... f6 $5 33. exf6
exf6 34. Rc6 Rxc6 35. dxc6 Nb6 36. Nxc5 Nxc4+ 37. Kd4 Nb6 38. Nd7 Nc8 39. Kc5
Nf7 40. Nd4 $16 {/+-}) 33. a4 $6 (33. d6 $142 $1 Rc8 34. d7 Rd8 35. Nxc5 $18)
33... f6 34. Nbd2 Nf7 $16 {Black has at least activated his פh6, but his
position remains dreary.} 35. a5 Na4 36. exf6 exf6 37. Ne4 (37. Kd3 $5) 37...
Nb2 $5 38. Nfd2 (38. Rxf6+ Kg7 39. Rc6 Nxc4+ 40. Kf2 $16) 38... Kg7 39. Rxf6 (
39. d6 $5 Rd7 40. Nxc5 Rxd6 41. Rxa7 $18 {[%csl Ga5] o^a5}) 39... Ne5 40. Re6 {
Now White allows some <=>, but his o^d5 still gives him a large positional
advantage, which should suffice for a win.} (40. Rf5 Nbxc4+ 41. Nxc4 Nxc4+ 42.
Kd3 Nxa5 43. d6 Rf7 44. Rxg5+ Kf8 45. Rxc5 $16) 40... Nexc4+ 41. Nxc4 Nxc4+ 42.
Kd3 Nxa5 43. d6 c4+ 44. Kc3 Rf7 (44... Rd7 45. Kb4 Nb7 46. Kxc4 $18) 45. Nxg5 (
45. Kb4 $5 $18) 45... Rb7 $8 (45... Rd7 46. Re7+ $18) 46. Re7+ Kg6 47. d7 (47.
Nxh7 Rxe7 48. dxe7 Kf7 $14) 47... Rb3+ 48. Kc2 Rd3 49. Ne4 (49. Nxh7 $5 Nc6 50.
Nf8+ Kg5 51. Re4 $18) 49... Nb7 (49... Nb3 $5 50. Re6+ (50. h4 $5) 50... Kf7
51. Nd6+ Kxe6 52. d8=Q Rxd6 (52... Nd4+ 53. Kc1 Ne2+ 54. Kb1 Rb3+ 55. Kc2 Nd4+
56. Kc1 Rc3+ 57. Kd1 Rd3+ 58. Ke1 Nf3+ 59. Ke2 Ne5 60. Qc7 $16) 53. Qg8+ $16)
50. h4 (50. Re6+ Kf7 51. Rh6 (51. Rd6 Nxd6 $5 52. d8=Q Nxe4 $14) 51... Rxd7 (
51... Kg7 52. Rd6 $16) 52. Rxh7+ Ke6 53. Rxd7 Kxd7 54. Kc3 Ke6 55. Kxc4 Ke5 $14
) 50... h5 51. Re6+ $5 (51. g5 Kf5 52. Nd2 $16) 51... Kg7 (51... Kf7 52. Ng5+
Kf8 53. Re8+ Kg7 54. Re7+ Kf8 (54... Kf6 55. Re6+ Kg7 56. gxh5 Rxd7 57. h6+ $18
) 55. Rf7+ Kg8 56. gxh5 Nd8 57. Re7 Nc6 58. Re8+ Kg7 59. Ne6+ Kf7 60. h6 Rxd7
61. h7 $18) 52. gxh5 $1 Rxd7 53. h6+ Kf8 (53... Kh8 54. Nf6 $18) 54. Ng5 $18 {
[%csl Gh6] After some complications White's remaining o^ proves too strong.}
Rd4 (54... Nd8 55. h7 Kg7 56. Rg6+ $18) (54... Rd8 55. h7 Kg7 56. Re7+ $18) 55.
Rf6+ Ke8 (55... Ke7 56. Rf7+ $18) 56. h7 Rxh4 57. Rf7 Nd6 (57... Na5 58. Rg7
Nc6 59. Rg8+ $18) 58. Rg7 Nf7 59. Rxf7 (59. Nxf7 Kf8 60. Rg8+ Kxf7 61. h8=Q $18
) 1-0

[Event "Penta Media GM"]
[Site "Kelamabakkam"]
[Date "2000.08.18"]
[Round "5"]
[White "Sasikiran, Krishnan"]
[Black "Ghaem Maghami, Ehsan"]
[Result "1/2-1/2"]
[WhiteElo "2573"]
[BlackElo "2488"]
[Annotator "Stohl,I"]
[PlyCount "102"]
[EventDate "2000.08.14"]
[EventType "tourn"]
[EventRounds "12"]
[EventCountry "IND"]
[EventCategory "11"]
[SourceTitle "CBM 079"]
[Source "ChessBase"]
[SourceDate "2000.11.21"]
[SourceVersion "1"]
[SourceVersionDate "2000.11.21"]
[SourceQuality "1"]

1. d4 Nf6 2. c4 c5 3. d5 b5 4. cxb5 a6 5. b6 e6 6. Nc3 Nxd5 7. Nxd5 exd5 8.
Qxd5 Nc6 9. Nf3 (9. e4 Be7 10. Bc4 O-O 11. Nf3 Bb7 $6 (11... Rb8 $142 $1) 12.
Qf5 Qxb6 13. O-O d6 14. Bd2 Bc8 15. Qh5 Be6 16. Bxe6 fxe6 17. Qh3 e5 18. Qe6+
Kh8 19. Bc3 Rf6 20. Qd5 Raf8 21. Nd2 Rg6 22. Nc4 Qc7 23. Rad1 Nd8 24. f4 exf4
25. e5 dxe5 26. Bxe5 Qc6 27. Rxf4 Rxf4 28. Bxf4 Re6 29. Be3 h6 30. b3 $14 {
[%csl Gc4] /+/-,Salov,V-Lautier,J/Enghien-les-Bains/1999/}) 9... Rb8 10. Bd2 ({
There have been some new developments in the other line:} 10. Ne5 Qf6 11. Nxc6
dxc6 12. Qf3 $5 (12. Qe4+ Be7 13. Bd2 $5 O-O (13... Qxb2 14. Rd1 Rxb6 15. e3
Be6 16. Bc4 Bd5 17. Qd3 Qe5 18. Bc3 Qe6 19. Bxd5 cxd5 20. Qxd5 Qxd5 21. Rxd5
Rb1+ 22. Rd1 Rxd1+ 23. Kxd1 $14 {Hillarp Persson,T-Dunnington,A/St Helier op/
1999/}) 14. Bc3 Qe6 15. Qxe6 Bxe6 16. e3 Rxb6 17. Be2 c4 18. O-O Bf6 19. Bxf6
gxf6 20. Rfc1 Rxb2 21. Bxc4 Bxc4 22. Rxc4 Rd8 23. Rxc6 Rxa2 24. Rcc1 Rdd2 25.
Rxa2 Rxa2 $11 {Shubin,A-Sumaneev,D/Volgograd/1997/}) 12... Be7 13. Bd2 Qxb2 (
13... Qxf3 14. exf3 Rxb6 15. Bc3 O-O $14) 14. Bc3 Qxb6 15. e4 $1 (15. Bxg7 $143
Rg8 16. Bc3 c4 17. Qe4 Be6 18. Qxh7 Rg5 19. e3 Bb4 20. Qc2 Qa5 21. Bxb4 Rxb4
22. Be2 c3 {0-1,Deiler,P-Degraeve,J/Metz op/2000/}) 15... Be6 16. Qg3 Rg8 (
16... Bf6 17. e5 Be7 18. Qxg7 Kd7 19. Qh6 Rhg8 20. g3 c4 21. Bh3 Qb1+ 22. Rxb1
Rxb1+ 23. Ke2 Rxh1 24. Bxe6+ fxe6 25. Qxh7 Rb8 26. h4 $16 {Hillarp Persson,
T-Kallio,H/Gothenburg/2000/}) 17. Be2 f6 18. O-O Rd8 19. f4 g6 20. Qe3 Rd7 21.
g3 Qa7 22. f5 Bf7 23. e5 fxe5 24. f6 Bd6 25. Bg4 Qc7 26. Rad1 Bd5 27. Bxd7+
Kxd7 28. Qh6 Qd8 29. Qh3+ {1-0,Parker,J-Claesen,P/Mondariz zt/2000/}) (10. e4 {
is the most usual move.}) 10... Rxb6 (10... Be7 11. Bc3 O-O 12. e4 Qxb6 (12...
Nd4 13. Nxd4 Bb7 14. Qb3 cxd4 15. Bxd4 Bxe4 16. Bxa6 Bf6 17. Be3 Bxg2 18. Rg1
Be4 19. a4 d5 20. a5 Qd6 21. Bd3 d4 $2 (21... Rbe8 $5 $14) 22. Bxe4 dxe3 23.
Qxe3 Rfe8 24. Kf1 Qb4 25. Rg4 Qxb2 26. Rb1 Qa2 27. Rb5 $18 {Dreev,
A-Solozhenkin,E/Elista RUS-ch/1996/}) (12... Rxb6 13. Bc4 d6 (13... Nb4 14. Qd2
d5 15. exd5 Bb7 16. O-O Qa8 17. Rad1 Rd8 18. Rfe1 Bf6 19. Bxb4 Rxb4 20. b3 a5
21. Qe3 Qc8 22. d6 g6 23. d7 Qc6 24. Qe8+ {Rowson,J-Ledger,S/BCF-ch Hove/1997/}
) 14. Qh5 (14. O-O {-see game.}) 14... Bf6 15. O-O h6 16. Rad1 Bxc3 17. bxc3
Qf6 18. Rd3 Kh7 19. Re3 g6 20. Qd5 Bb7 21. Qd3 Re8 22. Bd5 Re7 23. Rb1 Rxb1+
24. Qxb1 Na5 $11 {Delemarre,J-Erwich,F/NED-chT Amsterdam/2000/}) 13. Bc4 Nb4
14. Qd2 Qg6 15. O-O Qxe4 $5 (15... d6 16. a3 Nc6 17. Qf4 Na7 18. a4 Nc6 19.
Rad1 $14 Be6 $2 20. Bxa6 f5 21. Nh4 Qg4 22. Qxg4 fxg4 23. Nf5 Bxf5 24. Bc4+ Kh8
25. exf5 Rxf5 26. Rfe1 Ne5 27. Bd5 $18 {Dreev,A-Fominyh,A/RUS-chT Maikop/1998/}
) 16. Rfe1 Qxc4 17. Rxe7 Nd5 18. Bxg7 Nxe7 19. Bxf8 Kxf8 20. Qh6+ Kg8 21. Re1
Bb7 22. Rxe7 Bxf3 23. gxf3 Qd4 24. Re4 Qxb2 25. Rg4+ Kh8 26. Qxa6 f5 27. Rg3
Qe5 28. a4 f4 29. Rg4 d5 30. a5 d4 $17 {Becker,M-Michalczak,T/BL2W 9900/1999/})
(10... Qxb6 $5 11. Ne5 Nxe5 12. Qxe5+ Be7 13. Bc3 f6 14. Qh5+ $13 {1/2,Dreev,
A-Fominyh,A/RUS-ch Elista/1995/}) 11. e4 (11. Bc3 Nb4 $1 12. Qd2 Rd6 $13) 11...
Be7 (11... Rxb2 $6 12. Bc4 $32 {|^}) 12. Bc4 O-O 13. O-O d6 ({Now already
taking the pawn deserves more attention:} 13... Rxb2 $5 14. Rad1 (14. Bc3 Rb6 {
/\d6,Be6}) 14... Bb7 15. Qh5 $13) 14. Bc3 (14. Qh5 Rxb2 15. Rad1 Bf6 16. Bc3
Bg4 $5 (16... Bxc3 17. Ng5 h6 18. Nxf7 Rxf7 19. Qxf7+ Kh7 20. Rxd6 Qxd6 21.
Qg8+ $13) 17. Qxg4 Bxc3 18. Rd3 Bf6 19. Rfd1 Nd4 20. Nxd4 Bxd4 21. Rf3 a5 22.
h4 g6 23. h5 Kg7 24. g3 Qe7 25. Kg2 $44 {Khurtsidze,N-Cramling,P/FIDE WCup
Shenyang/2000/}) 14... Be6 15. Qd3 Nb4 16. Qe2 (16. Bxb4 Rxb4 17. Bxe6 fxe6 18.
b3 Qa8 $15) 16... Bxc4 17. Qxc4 d5 18. exd5 Qxd5 19. Ne5 $1 (19. Qxd5 Nxd5 $11)
19... Re6 20. Rfd1 $14 {[%csl Ra6,Rc5][%mdl 16] ׫} Qxc4 21. Nxc4 Re8 22. g3 h5
23. a3 (23. h4 $14) (23. b3 $5 $14) 23... Nc6 24. Kg2 h4 $132 25. Rd5 Nd4 $1
26. Rd1 (26. Bxd4 cxd4 27. Rxd4 Re2 {[%cal Re7c5,Re7f6] /\Bf6,Bc5<=>}) 26...
Nb5 27. Be5 f6 28. Bf4 hxg3 29. hxg3 Re4 {Now White's control of c4 is
insufficient.} 30. Nb6 (30. Rc1 Rd4 $1 $11) 30... Re2 31. R5d2 Rxd2 32. Rxd2
Rd8 33. Nd5 (33. Rxd8+ Bxd8 34. Nc4 Kf7 35. Kf3 Ke6 $11) 33... Kf7 34. a4 Nd4
35. Nb6 Nb3 $11 {Now White's << is also weakened.} 36. Rc2 Rd3 37. Nc4 Nd4 38.
Rc3 (38. Rd2 Rxd2 (38... Rb3 $132) 39. Bxd2 Ke6 $11) (38. Rc1 $2 Ne2 $15) 38...
Rxc3 39. bxc3 Nc6 40. Kf3 Ke6 41. Ke4 f5+ 42. Kd3 g5 (42... Kd5 43. Nb6+ Ke6
44. Kc4 Na5+ $11) 43. Bc7 Bd8 44. Bd6 (44. Bxd8 Nxd8 45. Ne3 Ke5 46. Kc4 Ne6
$132) 44... Be7 45. Bxe7 Kxe7 46. f3 (46. Ne3 Ne5+ $11) 46... Ke6 47. f4 gxf4
48. gxf4 Ne7 49. Ne3 Nd5 50. Ng2 (50. Nxd5 Kxd5 51. c4+ Ke6 $11) 50... Kd6 51.
a5 (51. c4 Ne7 $11) 51... Ke6 1/2-1/2